000 00354pam a2200157a 44500
008 230515b1977 xxu||||| |||| 00| 0 eng d
020 _aNULL
041 _aENGLISH
082 _a630
100 _a1995-1962
245 _aOVERALL INTERNAL HEIGHTS FOR LATHE TOOL POSTS
250 _a0
260 _aDELHI
_bISI
_c1977
300 _a13
650 _aNULL
999 _c652161
_d652161